Hodnotenie strategickej výkonnosti podniku diplomová práca

Enregistré dans:
Détails bibliographiques
Auteur principal: Kancírová, Erika
Collectivité auteur: Podnikovohospodárska fakulta EU so sídlom v Košiciach. Katedra manažmentu
Autres auteurs: Štofová, Lenka, 1989-
Format: Livre
Langue:slovaque
Publié: Košice 2019
Tags: Ajouter un tag
Pas de tags, Soyez le premier à ajouter un tag!

MARC

LEADER 00000nbm a2200000 4500
001 0257744
005 20190913135515.6
041 0 |a slo 
044 |a SK 
245 1 0 |a Hodnotenie strategickej výkonnosti podniku  |b diplomová práca  |c Erika Kancírová ; školiteľ: Lenka Štofová 
264 1 |a Košice  |c 2019 
300 |a 84 s. 
100 1 |a Kancírová, Erika 
700 1 |a Štofová, Lenka, 1989- 
710 2 |a Podnikovohospodárska fakulta EU so sídlom v Košiciach. Katedra manažmentu